Vista normal
Vista MARC
Entrada Materia (tema)
Número de registros utilizados en: 1
001 - CONTROL NUMBER
- control field: 45065
003 - CONTROL NUMBER IDENTIFIER
- control field: Co-BoUCM
005 - DATE AND TIME OF LATEST TRANSACTION
- control field: 20130913110306.0
008 - FIXED-LENGTH DATA ELEMENTS
- fixed length control field: 130913|| aca||aabn | a|a d
040 ## - CATALOGING SOURCE
- Original cataloging agency: Co-BoUCM
- Transcribing agency: Co-BoUCM
150 ## - HEADING--TOPICAL TERM
- Topical term or geographic name as entry element: Organización
- General subdivision: Aspectos económicos
670 ## - SOURCE DATA FOUND
- Source citation: Work cat.: (Co-BoUCM)180586: Jost, Peter-J. 45026, The economics of organization and coordination, 2011